European Country by Capital City Picture - Statistics

General Stats
  • This quiz has been taken 46 times
  • The average score is 11 of 20
Answer Stats
Picture Answer % Correct
Italy
92%
United Kingdom
92%
Denmark
86%
Greece
86%
France
81%
Netherlands
78%
Monaco
70%
Iceland
59%
Poland
43%
Russia
43%
Bulgaria
41%
Germany
41%
Austria
38%
Portugal
38%
Romania
38%
Belguim
30%
Luxembourg
30%
Vatican City
27%
Ireland
24%
North Macedonia
22%
No matching quizzes found
Score Distribution
Percent of People with Each Score
Percentile by Number Answered
Your Score History
You have not taken this quiz